书目信息 |
| 题名: |
史记
|
|
| 作者: | 司马迁 著 | |
| 分册: | ||
| 出版信息: | 长春 吉林出版集团有限责任公司 2010.12 |
|
| 页数: | 312页 | |
| 开本: | 28cm | |
| 丛书名: | ||
| 单 册: | ||
| 中图分类: | K204.2 | |
| 科图分类: | ||
| 主题词: | 中国--通史 | |
| 电子资源: | ||
| ISBN: | 7-5463-4409-3 | |
| 000 | 00562nam0 2200193 450 | |
| 001 | 1445941858 | |
| 005 | 20140324125007.92 | |
| 010 | @a7-5463-4409-3@dCNY18.80 | |
| 100 | @a20140324d2010 km y0chiy0120 ea | |
| 101 | 0 | @achi |
| 102 | @aCN@b220000 | |
| 200 | 1 | @a史记@Ashi ji@f(西汉) 司马迁著@F(xi han)si ma qian zhu |
| 210 | @a长春@c吉林出版集团有限责任公司@d2010.12 | |
| 215 | @a312页@d28cm | |
| 606 | 0 | @a中国@x通史 |
| 690 | @aK204.2@v4 | |
| 701 | 0 | @a司马迁@Asi ma qian@4著 |
| 801 | 0 | @aCN@b大连网信软件有限公司图书馆·11@c20140324 |
| 905 | @aZUCC@dK204.2@eS7017 | |
| 史记/(西汉) 司马迁著.-长春:吉林出版集团有限责任公司,2010.12 |
| 312页;28cm |
| ISBN 7-5463-4409-3:CNY18.80 |
| ● |
| 相关链接 |
|
|
|
正题名:史记
索取号:K204.2/S7017
 
预约/预借
| 序号 | 登录号 | 条形码 | 馆藏地/架位号 | 状态 | 备注 |
| 1 | 492800 | 204928007 | 社科库309/309社科库 106排5列3层/ [索取号:K204.2/S7017] | 在馆 |